| 000 -LEADER |
| fixed length control field |
00642nam a22001817a 4500 |
| 005 - DATE AND TIME OF LATEST TRANSACTION |
| control field |
20240529113850.0 |
| 008 - FIXED-LENGTH DATA ELEMENTS--GENERAL INFORMATION |
| fixed length control field |
240529s2007 enk||||| |||| 00| 0 e d |
| 020 ## - INTERNATIONAL STANDARD BOOK NUMBER |
| International Standard Book Number |
9780521709361x |
| 041 ## - LANGUAGE CODE |
| Language code of text/sound track or separate title |
eng |
| 080 ## - UNIVERSAL DECIMAL CLASSIFICATION NUMBER |
| Universal Decimal Classification number |
616.053.2 P-36 |
| 245 ## - TITLE STATEMENT |
| Title |
Pediatrics / |
| Statement of responsibility, etc. |
Edited by Howard Bauchner, Robert Vinci, Melanie Kim. |
| 264 ## - PRODUCTION, PUBLICATION, DISTRIBUTION, MANUFACTURE, AND COPYRIGHT NOTICE |
| Place of production, publication, distribution, manufacture |
Cambridge : |
| Name of producer, publisher, distributor, manufacturer |
Cambridge University Press, |
| Date of production, publication, distribution, manufacture, or copyright notice |
2007. |
| 300 ## - PHYSICAL DESCRIPTION |
| Extent |
512 p.; |
| Other physical details |
18 cm. |
| 700 ## - ADDED ENTRY--PERSONAL NAME |
| Personal name |
Bauchner, Howard |
| Relator term |
რედაქტორი |
| 9 (RLIN) |
22214 |
| 700 ## - ADDED ENTRY--PERSONAL NAME |
| Personal name |
Vinci, Robert |
| Relator term |
რედაქტორი |
| 9 (RLIN) |
22215 |
| 700 ## - ADDED ENTRY--PERSONAL NAME |
| Personal name |
Kim, Melanie |
| Relator term |
რედაქტორი |
| 9 (RLIN) |
22216 |
| 942 ## - ADDED ENTRY ELEMENTS (KOHA) |
| Source of classification or shelving scheme |
|
| Koha item type |
წიგნი |